00691nam a2200217Ia 4500001001000000003000500010008004100015010001100056040000900067082001900076100002000095245014600115260005900261300001000320440001800330500003800348650003200386650001600418650001900434700002000453Para_7002CHAP220125s1931 xx 000 0 und d a205748 cCHAP aPA-C 631.4 B85 aWilson, Lemoyne aMuck soil investigations :b progress report sanpete county experimental farm 1927-1930, inclusive /c by Lemoyne Wilson and George Stewart aLogan, Utah :b Utah. Agricultural Experiment Station a24 p. aBulletin ; 24 aEnc. con otros impresos similares aAbonos x efecto en suelos  aEstiércol aSuelos x EUA  aStewart, George